| 000 | 00781cad a22002055a 4500 | ||
|---|---|---|---|
| 001 | L157274 | ||
| 008 | 121009s2012 xxk f 001 0 eng d | ||
| 035 | _a(Sirsi) u157274 | ||
| 041 | 0 | _aeng | |
| 110 | 2 |
_aFranklin and Andrews _92518 |
|
| 245 | 0 | 0 |
_aEconomic bulletins _h[electronic resource] |
| 520 | _aRegular economic bulletins for the construction industry, highlighting significant cost issues for the UK and around the globe. | ||
| 521 | _aAdvanced | ||
| 651 | 4 |
_aUnited Kingdom _y |
|
| 651 | 4 | _aInternational | |
| 690 |
_aCost management _96233 |
||
| 690 |
_aConstruction management _96230 |
||
| 856 | 4 | 0 |
_uhttps://www.franklinandrews.com/publications/economicbulletin/ _zRegister to receive the free economic bulletins by email at www.franklinandrews.com |
| 942 | _n0 | ||
| 999 |
_c114693 _d114693 |
||